| 000 | 00482nam a2200193Ia 4500 | ||
|---|---|---|---|
| 005 | 20250603144915.0 | ||
| 008 | 250603s9999 xx 000 0 und d | ||
| 020 | _a978-0-0470-0185-9 | ||
| 050 | _aHF 5691 .B7/ | ||
| 100 | _aTeresa Bradley | ||
| 245 | 0 | _aEssentials Mathematics for Economics and Business | |
| 250 | _a3rd ed. | ||
| 260 | _aWest Sussex | ||
| 260 | _bJohn Wiley and Sons, Ltd | ||
| 260 | _c2008 | ||
| 300 | _a668 p | ||
| 650 | _aWest Sussex | ||
| 942 | _cBK | ||
| 999 |
_c40305 _d40305 |
||